| 000 | 00529cam a22002171 4500 | ||
|---|---|---|---|
| 001 | sa 67000628 | ||
| 003 | DLC | ||
| 005 | 20260227112316.0 | ||
| 008 | 900119s1966 ii 000 0 hino | ||
| 010 | _asa 67000628 | ||
| 035 | _a(OCoLC)20928251 | ||
| 040 |
_aDLC _cWaU _dDLC |
||
| 050 | 0 | 0 |
_aBL1235.S6 _bD3 |
| 100 | 1 |
_aDas, Bhagavan, _d1869-1958. |
|
| 245 | 1 | 0 | _aPurushaārtha. |
| 260 | _c1966. | ||
| 300 |
_a31, 588 p. _c23 cm. |
||
| 500 | _aAdded t. p. in English. | ||
| 500 | _aIn Hindi. | ||
| 650 | 0 | _aHindu sociology. | |
| 999 |
_c72099 _d72099 |
||